Smugglers and foreign exchange manipulators (forfeiture of property) act 1976: a critical study (Record no. 501447)

000 -LEADER
fixed length control field 00467cam a22001337a 4500
008 - FIXED-LENGTH DATA ELEMENTS--GENERAL INFORMATION
fixed length control field 180718b1987 xxu||||| |||| 00| 0 eng d
082 ## - DEWEY DECIMAL CLASSIFICATION NUMBER
Classification number APPPA 86-87 GUP/K
100 ## - MAIN ENTRY--PERSONAL NAME
Personal name Gupta, K.D.
245 ## - TITLE STATEMENT
Title Smugglers and foreign exchange manipulators (forfeiture of property) act 1976: a critical study
Statement of responsibility, etc. by K.D. Gupta
260 ## - PUBLICATION, DISTRIBUTION, ETC.
Place of publication, distribution, etc. New Delhi
Name of publisher, distributor, etc. Indian Institute of Public Administration
Date of publication, distribution, etc. 1987
300 ## - PHYSICAL DESCRIPTION
Extent 167p.
650 ## - SUBJECT ADDED ENTRY--TOPICAL TERM
Topical term or geographic name entry element Foreign exchange manipulators
650 ## - SUBJECT ADDED ENTRY--TOPICAL TERM
Topical term or geographic name entry element Smugglers
Holdings
Withdrawn status Lost status Damaged status Not for loan Permanent Location Current Location Date acquired Full call number Barcode Date last seen Price effective from Koha item type
        Indian Institute of Public Administration Indian Institute of Public Administration 2018-08-04 APPPA 86-87 GUP/K GR11982 2018-08-04 2018-08-04 GR

Powered by Koha